000
00252nam a2200109Ia 4500
005
20251222143116.0
008
251222s9999||||xx |||||||||||||| ||spa||
082
_a
338.06/M61
245
0
_a
El Reto de la Productividad
264
_b
MITINCI
942
_c
LIB
999
_c
11348
_d
11348